000 00644nam a2200217Ia 4500
005 20260429112105.0
008 260429s9999||||xx |||||||||||||| ||und||
020 _a9781440880834
041 _aEnglish
082 _a027.473
_bWAH
100 _aWahler, Elizabeth A.
245 0 _aCreating a person-centered library :
_bbest practices for supporting high-needs patrons /
_cElizabeth A. Wahler
250 _a1st ed.
260 _aNew York :
_bBloomsbury Libraries Unlimited,
_c2024.
300 _axii, 242 p.; pbk
650 _a library
650 _a Patrons
650 _aUser oriented
700 _a Johnson, Sarah C.
942 _cTB
999 _c52299
_d52299